The Oxford history of English (Record no. 294877)

MARC details
000 -LEADER
fixed length control field 00626nam a2200193Ia 4500
008 - FIXED-LENGTH DATA ELEMENTS--GENERAL INFORMATION
fixed length control field 191130s2008##################000#0#eng##
020 ## - INTERNATIONAL STANDARD BOOK NUMBER
ISBN 9780199249312
082 ## - DEWEY DECIMAL CLASSIFICATION NUMBER
Classification number 420.9 MUG
245 ## - TITLE STATEMENT
Title The Oxford history of English
Statement of responsibility, etc edited by Lynda Mugglestone
260 ## - PUBLICATION, DISTRIBUTION, ETC. (IMPRINT)
Place of publication Oxford
Name of publisher Oxford University Press
Year of publication 2008, c2006
300 ## - PHYSICAL DESCRIPTION
Number of Pages xi, 485 p. : ill., maps ; 26 cm.
500 ## - GENERAL NOTE
General note Includes bibliographical references (p. [433]-471) and index
650 ## - SUBJECT ADDED ENTRY--TOPICAL TERM
Topical Term English language - History
700 ## - ADDED ENTRY--PERSONAL NAME
Personal name Mugglestone, Lynda
991 ## -
-- 392980
Holdings
Withdrawn status Lost status Damaged status Not for loan Home library Current library Shelving location Date acquired Full call number Accession Number Price effective from Koha item type
        Anna Centenary Library Anna Centenary Library 4TH FLOOR, B WING 15.10.2020 420.9 MUG 113949 15.10.2020 English Books

Find us on the map